Nové normy STN a TNI triedy 42 - Hutníctvo a 03 - Korózia vydané a oznámené - platné od augusta až decembra 2008

Bibliographic Details
Main Author: Jajcay, Alojz, 1939- (Author)
Format: Article
Language:Slovak
ISSN:0044-5525
Subjects:

MARC

LEADER 00000nab a2200000 a 4500
001 vtls009482674
003 SK-MaSNL
005 20260304234637.0
008 250507c2008 xo |||||||||||000 b|slo
015 |a SNBRB2009/03  |2 snkbucl 
035 |a (sysno)vtls009482674 
035 |a urn:nbn:sk:snk-ab6pgz 
035 |a (uuid)024c7f08-0e9b-41ca-8b59-6b86310840fe 
035 |a (urnnbn)urn:nbn:sk:snk:ar-005qcy 
038 |a SNKBUCL 
040 |a SNKBUCL  |b slo  |c SNKBUCL  |e AACR2 
041 0 |a slo 
044 |a xo  |c SK 
080 |a 669+620.193:006  |x (437.6)  |2 2001 
080 |a 006  |x (437.6)  |2 2001 
080 |a 620.193  |2 2001 
100 1 |a Jajcay, Alojz,  |d 1939-  |4 aut  |9 222089 
245 1 0 |a Nové normy STN a TNI triedy 42 - Hutníctvo a 03 - Korózia vydané a oznámené - platné od augusta až decembra 2008  |c Alojz Jajcay 
648 7 |a 2008  |2 snkbucl  |9 317238 
650 0 7 |a metalurgia  |2 SNKPH  |9 941 
650 0 7 |a korózia  |2 SNKPH  |9 3937 
650 0 7 |a technické normy a štandardy  |2 SNKPH  |9 69944 
773 0 |t Zváranie = Svařování  |g Roč. 57, č. 11-12 (2008), s. 338-340  |x 0044-5525 
850 |a Slovenská národná knižnica 
852 |a Slovenská národná knižnica 
954 |a odborná, vedecká literatúra pôvodná (slovenská)  |2 lita 
958 |a article 
958 |a OND 
958 |a SK 
958 |a EUIPO 
999 |c 3205049  |d 3206979